UM Logo

Mathematics for elementary teachers: (Record no. 3229)

MARC details
000 -LEADER
fixed length control field 00623nam a22001817a 4500
008 - FIXED-LENGTH DATA ELEMENTS--GENERAL INFORMATION
fixed length control field 160322b xxu||||| |||| 00| 0 eng d
020 ## - INTERNATIONAL STANDARD BOOK NUMBER
International Standard Book Number 9780073022840
082 ## - DEWEY DECIMAL CLASSIFICATION NUMBER
Edition number 2007
Classification number DC 510
Item number B43m
100 ## - MAIN ENTRY--PERSONAL NAME
9 (RLIN) 4212
Personal name Bennett, Albert B.
245 ## - TITLE STATEMENT
Title Mathematics for elementary teachers:
Remainder of title a conceptual approach/
Statement of responsibility, etc. Albert B. Bennett, Jr. and L. Ted Nelson.
250 ## - EDITION STATEMENT
Edition statement 7th Edition
260 ## - PUBLICATION, DISTRIBUTION, ETC. (IMPRINT)
Place of publication, distribution, etc. Boston:
Name of publisher, distributor, etc. McGraw-Hill,
Date of publication, distribution, etc. c2007.
300 ## - PHYSICAL DESCRIPTION
Extent xxii, 804 pages+various pagings:
Other physical details color illustrations;
Dimensions 25 cm.
500 ## - GENERAL NOTE
General note Includes index.
650 #0 - SUBJECT ADDED ENTRY--TOPICAL TERM
9 (RLIN) 4214
Topical term or geographic name as entry element Mathematics.
700 ## - ADDED ENTRY--PERSONAL NAME
9 (RLIN) 4215
Personal name Nelson, L. Ted
Relator term Author
942 ## - ADDED ENTRY ELEMENTS (KOHA)
Source of classification or shelving scheme Dewey Decimal Classification
Koha item type Circulation
Holdings
Withdrawn status Lost status Source of classification or shelving scheme Damaged status Not for loan Collection code Home library Current library Shelving location Date acquired Source of acquisition Total Checkouts Total Renewals Full call number Barcode Date last seen Date last checked out Copy number Price effective from Koha item type
    Dewey Decimal Classification     Circulation UM Digos College - LIC UM Digos College - LIC Book Cart 09/27/2011 Donated 5 1 DC 510 B43m 2007 21799 05/15/2025 09/14/2018 1 07/02/2016 Circulation
    Dewey Decimal Classification     Circulation UM Digos College - LIC UM Digos College - LIC Book Cart 07/06/2016 Purchased 2   DC 510 B43m 2007 21813 05/15/2025 09/13/2018 2 07/06/2016 Circulation